Saga of Pandava warrior-prince Arjuna (Record no. 526513)

000 -LEADER
fixed length control field 00275nam a22000977a 4500
082 ## - DEWEY DECIMAL CLASSIFICATION NUMBER
Classification number SNT A6x54 C361
100 ## - MAIN ENTRY--PERSONAL NAME
Personal name Chandramouli, Anuja
9 (RLIN) 45774
245 ## - TITLE STATEMENT
Title Saga of Pandava warrior-prince Arjuna
Remainder of title By Chandramouli, Anuja
260 ## - PUBLICATION, DISTRIBUTION, ETC. (IMPRINT)
Place of publication, distribution, etc Mumbai
Name of publisher, distributor, etc Leadstart
Date of publication, distribution, etc 2013
300 ## - PHYSICAL DESCRIPTION
Extent 363p
Holdings
Withdrawn status Lost status Source of classification or shelving scheme Damaged status Koha normalized classification for sorting Not for loan Permanent location Current location Date acquired Full call number Barcode Date last seen Price effective from Koha item type
        SNT_A6X54_C361   Indian Institute of Public Administration Indian Institute of Public Administration 2024-06-07 SNT A6x54 C361 GR25118 2024-06-07 2024-06-07 GR

Powered by Koha